00616nam a2200157 a 450000100100000000500170001000800410002704000250006808200150009310000350010824500380014326000600018130000200024195201800026199900170044100003300620200930065952.0110808s1911 dr 000 0 spa d aDO-SdBNPbspacBNPHU axxxbH519t1 aHenríquez, Gustavo J.95872310aTrinos /cGustavo J. Henríquez. aSanto Domingo :bImp. Moderna de J. Gneco & Co.,c1911. a77 p. ;c18 cm. 001050718RVaPDbPDcCTd2011-08-08iLF1l0oxxx H519tp33006-10r2020-06-25w2020-06-25y1zPerteneció a la biblioteca personal de Carlos Larrazabal BlancoZNo se presta c32497d32497